Statistics for Top 10 Scoreur in PSG

Click here to take the quiz!

General Stats

  • This quiz has been taken 94 times
  • The average score is 6 of 10

Answer Stats

HintAnswer% Correct
1Kylian Mbappé
100%
2Edinson Cavani
99%
4Neymar
96%
3Zlatan Ibrahimović
96%
9Ángel Di María
79%
5Pauleta
76%
7Mustapha Dahleb
21%
10Safet Sušić
18%
6Dominique Rocheteau
16%
8François M'Pelé
6%

Score Distribution

Percentile by Number Answered

Percent of People with Each Score

Your Score History

You have not taken this quiz